000 00322 a2200157 4500
001 184856
020 _a85-08-05359-2
040 _cMagnum
100 _aFrança, Mary
240 1 0 _aFábulas 1
_lpor
245 1 0 _aFábulas 1
300 _a32
440 1 _aÁtica
697 _aLITERATURA INFANTO-JUVENIL
942 _cBK
999 _c184856
_d184856